000 00887nas a2200301 4500
001 BR0002103
003 BR-BrBNA
005 20231205101825.0
007 ta
008 230509b bl.|||p| |||| 00| 00por d
040 _aBR-BrBNA
_bpor
_cBiblioteca Nacional de Agricultura
041 _a(Pt)
072 _aP34
100 1 _aGoncalves, C. de A.
100 1 _aGoi, S.R.
100 1 _aJacob Neto, J.
245 1 _aCrescimento e nodulacao de Inga marginata em resposta a adicao de nitrogenio, fosforo e inoculacao com rizobio
650 _aInga
650 _aFixacao de Nitrogenio
650 _aFosforo
650 _aInoculacao
650 _aNodulacao
650 _aRhizobium
650 _aCrescimento
773 0 _tFloresta e Ambiente (Brazil)
_xISSN 1415-0980
_g(1999), v. 6(1) p. 118-126
_wBR0002103
909 _a202311
_bLúcia
_c55
_dLúcia Elande
942 _2AGRIS
_n0
_cANA
999 _c164158
_d164158